Report. (Record no. 34483)

MARC details
000 -LEADER
fixed length control field 01263cam a22002771 4500
001 - CONTROL NUMBER
control field hew64000072
003 - CONTROL NUMBER IDENTIFIER
control field DLC
005 - DATE AND TIME OF LATEST TRANSACTION
control field 20260227111513.0
008 - FIXED-LENGTH DATA ELEMENTS--GENERAL INFORMATION
fixed length control field 851003s1963 dcu f000 0 eng c
010 ## - LIBRARY OF CONGRESS CONTROL NUMBER
LC control number hew64000072
035 ## - SYSTEM CONTROL NUMBER
System control number (OCoLC)12629616
040 ## - CATALOGING SOURCE
Original cataloging agency U.S. Dept. of Health, Education, and Welfare. Library
Transcribing agency DNIE
Modifying agency DLC
042 ## - AUTHENTICATION CODE
Authentication code premarc
043 ## - GEOGRAPHIC AREA CODE
Geographic area code n-us---
050 00 - LIBRARY OF CONGRESS CALL NUMBER
Classification number L112
Item number .A4
051 ## - LIBRARY OF CONGRESS COPY, ISSUE, OFFPRINT STATEMENT
Classification number L111
Item number .A72 no. 737
110 1# - MAIN ENTRY--CORPORATE NAME
Corporate name or jurisdiction name as entry element United States.
Subordinate unit Advisory Panel on Educational Statistics.
245 10 - TITLE STATEMENT
Title Report.
260 ## - PUBLICATION, DISTRIBUTION, ETC.
Place of publication, distribution, etc. [Washington]
Name of publisher, distributor, etc. U.S. Dept. of Health, Education, and Welfare, Office of Education,
Date of publication, distribution, etc. 1963.
300 ## - PHYSICAL DESCRIPTION
Extent vii, 22 p.
Dimensions 27 cm.
500 ## - GENERAL NOTE
General note Issued, by error, as U.S. Office of Education. Circular 737, OE-20061.
501 ## - WITH NOTE
With note L111.A72 with: Preliminary report on teaching faculty in higher education, 1962-63 : primary teaching areas and contract salaries / by Ralph E. Dunham and Patricia S. Wright. [Washington] : U.S. Dept. of Health, Education, and Welfare, Office of Education, 1964. Bound together subsequent to publication.
Institution to which field applies DLC
610 10 - SUBJECT ADDED ENTRY--CORPORATE NAME
Corporate name or jurisdiction name as entry element United States.
Subordinate unit Office of Education
General subdivision Statistical program.
650 #0 - SUBJECT ADDED ENTRY--TOPICAL TERM
Topical term or geographic name entry element Education
Geographic subdivision United States
Form subdivision Statistics.
710 1# - ADDED ENTRY--CORPORATE NAME
Corporate name or jurisdiction name as entry element United States.
Subordinate unit Office of Education.

No items available.

Powered by Koha